000 00488nam a2200181Ia 4500
005 20250423094758.0
008 250422s9999 xx 000 0 und d
020 _a9789385750786
050 _aTK 5105.88813 .A53/
100 _aAnandamurugan, S.
245 0 _aCloud computing : an innovative technology for linux and android platform
260 _aNew Delhi
260 _bUniversiy Science Press
260 _c2018
300 _a406 p
650 _aCloud computing.
942 _cBK
999 _c28270
_d28270